Key papers in literature and psychoanalysis (Record no. 129303)
[ view plain ]
| 000 -LEADER | |
|---|---|
| fixed length control field | 01478nam a2200361Ia 4500 |
| 082 04 - DEWEY DECIMAL CLASSIFICATION NUMBER | |
| Classification number | 801/.92 |
| 245 00 - TITLE STATEMENT | |
| Title | Key papers in literature and psychoanalysis |
| 260 ## - PUBLICATION, DISTRIBUTION, ETC. (IMPRINT) | |
| Place of publication | London ; |
| -- | New York : |
| Name of publisher | Karnac, |
| Year of publication | 2007. |
| 300 ## - PHYSICAL DESCRIPTION | |
| Number of Pages | xv, 187 p. |
| 490 1# - SERIES STATEMENT | |
| Series statement | International journal of psychoanalysis key papers series |
| 500 ## - GENERAL NOTE | |
| General note | Essays first appeared in the International journal of psychoanalysis. |
| 650 #0 - SUBJECT ADDED ENTRY--TOPICAL TERM | |
| Topical Term | Psychoanalysis and literature. |
| 700 1# - ADDED ENTRY--PERSONAL NAME | |
| Personal name | Williams, Paul, |
| Personal name | Gabbard, Glen O. |
| 856 40 - ELECTRONIC LOCATION AND ACCESS | |
| Uniform Resource Identifier | http://site.ebrary.com/lib/rucke/Doc?id=10463979 |
No items available.
